Fuero de la conciencia (Record no. 8423)
[ view plain ]
| 000 -CABECERA | |
|---|---|
| campo de control de longitud fija | 01565nam a2200301 a 4500 |
| 001 - NÚMERO DE CONTROL | |
| campo de control | BRCA_8772 |
| 005 - FECHA Y HORA DE LA ÚLTIMA TRANSACCIÓN | |
| campo de control | 20190320210414.0 |
| 008 - DATOS DE LONGITUD FIJA--INFORMACIÓN GENERAL | |
| campo de control de longitud fija | 310317s1771----sp-#######---#000-0#spa-# |
| 041 ## - CÓDIGO DE LENGUA | |
| Código de lengua del texto/banda sonora o título independiente | spa |
| 044 ## - CÓDIGO DEL PAÍS DE LA ENTIDAD EDITORA/PRODUCTORA | |
| Código MARC del país | sp |
| 084 ## - OTRO NÚMERO DE CLASIFICACIÓN | |
| Número de clasificación | BE136 |
| Número de documento/Ítem | .V35 1771 |
| 100 1# - ENTRADA PRINCIPAL--NOMBRE DE PERSONA | |
| Nombre de persona | Valentin de la Madre de Dios |
| 9 (RLIN) | 21849 |
| 245 10 - MENCIÓN DE TÍTULO | |
| Título | Fuero de la conciencia |
| Mención de responsabilidad, etc. | escrito por el P. Fr. Valentín de la Madre de Dios, carmelito descalzo ; nuevamente corregido, y añadido con las burlas de N. Ss. padre Benedicto Decimoquarto, pertenecientes admores; por los RR. PP. Fr. Juan Antonio de S. Agustín, y Fr. Julián del Santísimo Sacramento, de la misma orden. |
| 260 ## - PUBLICACIÓN, DISTRIBUCIÓN, ETC. | |
| Lugar de publicación, distribución, etc. | Madrid |
| Nombre del editor, distribuidor, etc. | en la Oficina de Pantaleón Aznar |
| Fecha de publicación, distribución, etc. | 1771 |
| 300 ## - DESCRIPCIÓN FÍSICA | |
| Extensión | [10], 543 p. (t.1) |
| Dimensiones | 21.5 x 15.5 cm. |
| 500 ## - NOTA GENERAL | |
| Nota general | Con las licencias necesarias |
| 500 ## - NOTA GENERAL | |
| Nota general | Dividido en dos partes |
| 500 ## - NOTA GENERAL | |
| Nota general | Añadese por este ultimo una instrucción practica para los párrocos, y confesores, sobre el modo de recurrir por las dispensas, en los impedimentos ocultos de matrimonio, irregulares, votos, &c |
| 500 ## - NOTA GENERAL | |
| Nota general | Estado físico: presenta encuadernación en pergamino, con lomo desprendido, algunas hojas manchadas, cintas rotas y presencia del pez de plata |
| 650 14 - PUNTO DE ACCESO ADICIONAL DE MATERIA--TÉRMINO DE MATERIA | |
| Término de materia o nombre geográfico como elemento de entrada | Moral cristiana |
| Subdivisión cronológica | Obras anteriores a 1800 |
| 9 (RLIN) | 21666 |
| 650 14 - PUNTO DE ACCESO ADICIONAL DE MATERIA--TÉRMINO DE MATERIA | |
| Término de materia o nombre geográfico como elemento de entrada | Sacramentos |
| Subdivisión cronológica | Obras anteriores a 1800 |
| 9 (RLIN) | 21850 |
| 650 14 - PUNTO DE ACCESO ADICIONAL DE MATERIA--TÉRMINO DE MATERIA | |
| Término de materia o nombre geográfico como elemento de entrada | Confesión |
| Subdivisión cronológica | Obras anteriores a 1800 |
| 9 (RLIN) | 21851 |
| 700 1# - PUNTO DE ACCESO ADICIONAL--NOMBRE DE PERSONA | |
| Nombre de persona | Benedicto Decimoquarto |
| 9 (RLIN) | 21852 |
| 700 1# - PUNTO DE ACCESO ADICIONAL--NOMBRE DE PERSONA | |
| Nombre de persona | Julian del Santisimo Sacramento |
| 9 (RLIN) | 21853 |
| 700 1# - PUNTO DE ACCESO ADICIONAL--NOMBRE DE PERSONA | |
| Nombre de persona | Juan Antonio de S. Agustin |
| 9 (RLIN) | 21854 |
| 902 ## - CATALOGADOR | |
| Iniciales | CFM |
| 942 ## - ELEMENTOS DE PUNTO DE ACCESO ADICIONAL (KOHA) | |
| Fuente del sistema de clasificación o colocación | Library of Congress Classification |
| Tipo de ítem Koha | Libros |
| Estado de retiro | Estado de pérdida | Estado dañado | No para préstamo | Localización permanente | Ubicación/localización actual | Fecha de adquisición | Total de préstamos | Signatura topográfica completa | Código de barras | Fecha visto por última vez | Precio válido a partir de | Tipo de ítem Koha |
|---|---|---|---|---|---|---|---|---|---|---|---|---|
| El ejemplar forma parte de la colección y puede ser consultado según las políticas vigentes. | Biblioteca del Museo Franz Mayer (Rogerio Casas-Alatriste) | Biblioteca del Museo Franz Mayer (Rogerio Casas-Alatriste) | 31/03/2017 | BE136 .V35 1771 | CFM00098 | 22/03/2019 | 22/03/2019 | Libros |